Programas de las asignaturas de derecho internacional privado (Record no. 164557)

MARC details
000 -LEADER
campo de control de longitud fija 00687nam a2200169 i 4500
001 - NÚMERO DE CONTROL
campo de control 164557
003 - IDENTIFICADOR DE NÚMERO DE CONTROL
campo de control ES-MaACL
005 - FECHA Y HORA DE LA ÚLTIMA TRANSACCIÓN
campo de control 20250820063052.0
008 - DATOS DE LONGITUD FIJA--INFORMACIÓN GENERAL
campo de control de longitud fija 050801s1891 sp | |||||||| ||spa d
040 ## - FUENTE DE CATALOGACIÓN
Centro catalogador/agencia de origen CAM
Lengua de catalogación spa
Centro/agencia transcriptor CAM
100 1# - ENTRADA PRINCIPAL--NOMBRE DE PERSONA
Nombre de persona Sánchez de Bustamante y Sirvén, Antonio,
Fechas asociadas al nombre 1865-1951
9 (RLIN) 102572
245 10 - MENCIÓN DEL TÍTULO
Título Programas de las asignaturas de derecho internacional privado
Resto del título : precedidos de la exposición del plan y método de los mismos /
Mención de responsabilidad, etc. por Antonio S. de Bustamante.
260 ## - PUBLICACIÓN, DISTRIBUCIÓN, ETC.
Lugar de publicación, distribución, etc. Madrid :
Nombre del editor, distribuidor, etc. [s.n.],
Fecha de publicación, distribución, etc. 1891 (
Fabricante Est. tipográfico "Sucesores de Rivadeneyra")
300 ## - DESCRIPCIÓN FÍSICA
Extensión XXIV, 242 p. ;
Dimensiones 22 cm.
852 ## - LOCALIZACIÓN
Ubicación ES-MaACL
Número de control de estantería G-15015
Nota libre -- Enc. hol.
Holdings
Estatus retirado Estado de pérdida Estado de daño No para préstamo Colección Biblioteca de origen Biblioteca actual Ubicación en estantería Fecha de adquisición Fuente de adquisición Total de préstamos Signatura topográfica completa Código de barras Visto por última vez Precio de reemplazo Tipo de ítem Koha
        Libros del s. XIX Biblioteca del Ateneo de Madrid Biblioteca del Ateneo de Madrid Sala Pecera Planta 3 17/01/2008     G-15015 1172495 23/02/2023 23/02/2023 Libro impreso antiguo